LDR 01098naa#a2200181#i#450# 001 RU\\bibl\20047 005 20260702061205.4 100 ## _a20260630b2026####ek#y0rusy0150####ca 102 ## _aRU 200 1# _aПРИМЕНЕНИЕ МАШИННОГО ОБУЧЕНИЯ ДЛЯ ПРОГНОЗИРОВАНИЯ ПОВТОРНЫХ ОБРАЩЕНИЙ И ПРЕДОТВРАЩЕНИЯ ПОВТОРНЫХ ВЫЕЗДОВ В ТЕЛЕКОМ-СЕРВИСЕ _eСтатья/тезисы конференции 210 1# _aВоронеж _cВоронежский государственный лесотехнический университет имени Г.Ф. Морозова _d2026 215 ## _a7 с. 608 ## _aСтатья/тезисы конференции _2local 675 ## _aЧеловеко-машинное взаимодействие. Человеко-машинный интерфейс. Пользовательский интерфейс. 004.5 _z 700 #1 _aАвилова _gО. А. 700 #1 _aЯгодкин _gАлександр Сергеевич 700 #1 _aКладов _gА. В. 856 4# _abibl.vgltu.ru _u